[Event "Najdorf Mem Open A 2016"]
[Site "Warsaw POL"]
[Date "2016.07.09"]
[Round "2.66"]
[White "Adamski, Jan"]
[Black "Jaroch, Karol"]
[Result "1/2-1/2"]
[WhiteTitle "IM"]
[WhiteElo "2279"]
[BlackElo "2203"]
[WhiteFideId "1100190"]
[BlackFideId "1130609"]
[EventDate "2016.07.08"]

1. Nf3 e6 2. c4 Nf6 3. g3 b6 4. Bg2 Bb7 5. d4 Bb4+ 6. Bd2 Bxd2+ 7. Qxd2 d6 8.
Nc3 Nbd7 9. Qc2 O-O 10. O-O Re8 11. Rfe1 Qe7 12. Rac1 c6 13. e4 e5 14. a3 g6 15.
dxe5 1/2-1/2

[Event "Najdorf Mem Open A 2016"]
[Site "Warsaw POL"]
[Date "2016.07.09"]
[Round "2.67"]
[White "Fieberg, Samuel"]
[Black "Harazinska, Ewa"]
[Result "0-1"]
[BlackTitle "WFM"]
[WhiteElo "2132"]
[BlackElo "2279"]
[WhiteFideId "12901717"]
[BlackFideId "1118374"]
[EventDate "2016.07.08"]

1. e4 e6 2. Nf3 d5 3. Nc3 Nf6 4. e5 Nfd7 5. d4 c5 6. Bg5 Qb6 7. dxc5 Bxc5 8. Qd2
Nc6 9. O-O-O Qa5 10. a3 a6 11. h4 b5 12. Kb1 O-O 13. Bh6 f6 14. Bxg7 Kxg7 15.
exf6+ Nxf6 16. g4 b4 17. Qg5+ Kh8 18. axb4 Bxb4 19. Qh6 Nxg4 20. Qh5 Bxc3 21.
Bd3 Nf6 22. Qh6 Qb4 23. Qc1 Rb8 24. b3 Qa5 0-1

[Event "Najdorf Mem Open A 2016"]
[Site "Warsaw POL"]
[Date "2016.07.09"]
[Round "2.68"]
[White "Hacker, Jonas"]
[Black "Garbowski, Jakub"]
[Result "1-0"]
[WhiteTitle "FM"]
[WhiteElo "2275"]
[BlackElo "2102"]
[WhiteFideId "1270968"]
[BlackFideId "1164929"]
[EventDate "2016.07.08"]

1. e4 e5 2. Nf3 Nc6 3. Bb5 a6 4. Ba4 Nf6 5. O-O Be7 6. Re1 b5 7. Bb3 O-O 8. h3
d6 9. c3 Nb8 10. d4 Nbd7 11. Nbd2 Bb7 12. Bc2 Re8 13. Nf1 Bf8 14. Ng3 g6 15. a4
Bg7 16. Bd3 c6 17. Bg5 h6 18. Bd2 Qc7 19. Qc1 Kh7 20. h4 Nf8 21. h5 Ne6 22.
hxg6+ fxg6 23. Nh4 Qe7 24. f4 Ng4 25. Nf3 exf4 26. Nf5 gxf5 27. exf5 Qf6 28.
fxe6+ Kg8 29. Bxf4 Rxe6 30. Rxe6 Qxe6 31. Qe1 Qd7 32. Qe4 Nf6 33. Qg6 Qe8 34.
Bxd6 Rd8 35. Qxe8+ Nxe8 36. Be7 Rd7 37. Re1 Kf7 38. Bc5 Nd6 39. Ne5+ Ke8 40.
Bg6+ Kd8 41. Nxd7 Kxd7 42. Be8+ Nxe8 43. Re7+ 1-0

[Event "Najdorf Mem Open A 2016"]
[Site "Warsaw POL"]
[Date "2016.07.10"]
[Round "3.1"]
[White "Piorun, Kacper"]
[Black "Krasenkow, Michal"]
[Result "1/2-1/2"]
[WhiteTitle "GM"]
[BlackTitle "GM"]
[WhiteElo "2685"]
[BlackElo "2614"]
[WhiteFideId "1130420"]
[BlackFideId "1113100"]
[EventDate "2016.07.08"]

1. c4 e5 2. g3 c6 3. d4 e4 4. Nc3 d5 5. Bg2 h6 6. Qa4 Nd7 7. cxd5 Nb6 8. Qb3
cxd5 9. Nh3 Nf6 10. O-O Bd6 11. f3 exf3 12. Rxf3 O-O 13. Nf4 Bxf4 14. Rxf4 Be6
15. Qd1 Rc8 16. Qd3 Rc6 17. b3 Qc8 18. Bd2 Bh3 19. Nb5 Bxg2 20. Nxa7 Qh3 21. Rh4
Qe6 22. Kxg2 Rc7 23. Nb5 Re7 24. Re1 Rfe8 25. Bb4 Rd7 26. Rf4 Ne4 27. Rc1 Nf6
28. Nc7 Qxe2+ 29. Qxe2 Rxe2+ 30. Rf2 Rxf2+ 31. Kxf2 Rd8 32. Ba5 Rd6 33. Kf3 Nbd7
34. Bb4 Rb6 35. Ba5 Rd6 36. Bb4 Rb6 37. Be7 Kh7 38. b4 Ng8 39. Nxd5 Rc6 40. Rxc6
bxc6 41. Bd8 cxd5 42. a4 Ngf6 43. a5 Ne4 44. a6 Nd2+ 45. Kf4 g5+ 46. Kg4 Nc4 47.
a7 Ncb6 48. Bxb6 Nxb6 49. Kf5 Kg7 50. g4 Kf8 51. Kf6 Ke8 52. Kg7 Ke7 53. Kxh6 f6
54. Kg6 Ke6 55. h3 Na8 56. b5 Nb6 57. Kg7 Ke7 1/2-1/2

[Event "Najdorf Mem Open A 2016"]
[Site "Warsaw POL"]
[Date "2016.07.10"]
[Round "3.2"]
[White "Kovalenko, Igor"]
[Black "Gajewski, Grzegorz"]
[Result "0-1"]
[WhiteTitle "GM"]
[BlackTitle "GM"]
[WhiteElo "2667"]
[BlackElo "2605"]
[WhiteFideId "14117908"]
[BlackFideId "1116207"]
[EventDate "2016.07.08"]

1. e4 c5 2. Nf3 d6 3. d4 cxd4 4. Nxd4 Nf6 5. Nc3 a6 6. h3 e5 7. Nde2 h5 8. g3
Be6 9. Bg2 Be7 10. O-O Nbd7 11. a4 Rc8 12. b3 Nc5 13. Be3 O-O 14. a5 Bd7 15. f3
Bc6 16. Nd5 Bxd5 17. exd5 h4 18. g4 Nh7 19. f4 exf4 20. Nxf4 Re8 21. Bd4 Bf6 22.
Nh5 Be5 23. b4 Nd7 24. c3 Qg5 25. Rf5 Bxd4+ 26. cxd4 Qe3+ 27. Kh2 g6 28. Rf3 Qe7
29. Nf4 Ng5 30. Rd3 Qf6 31. Qd2 Ne4 32. Bxe4 Rxe4 33. Rf1 Rc4 34. g5 Qxg5 35.
Rdf3 Rexd4 36. Qf2 Ne5 0-1

[Event "Najdorf Mem Open A 2016"]
[Site "Warsaw POL"]
[Date "2016.07.10"]
[Round "3.3"]
[White "Efimenko, Zahar"]
[Black "Tomczak, Jacek"]
[Result "1/2-1/2"]
[WhiteTitle "GM"]
[BlackTitle "GM"]
[WhiteElo "2655"]
[BlackElo "2583"]
[WhiteFideId "14107201"]
[BlackFideId "1124668"]
[EventDate "2016.07.08"]

1. Nf3 Nf6 2. g3 b5 3. Bg2 Bb7 4. Na3 a6 5. c4 e5 6. O-O Bxa3 7. bxa3 d6 8. Rb1
O-O 9. cxb5 axb5 10. Rxb5 Bd5 11. d4 e4 12. Ne1 Nbd7 13. Nc2 Bxa2 14. Ne3 c6 15.
Rb2 Rxa3 16. Nf5 Bd5 17. Bf4 Ne8 18. Nxd6 g5 19. Nb7 Qf6 20. Bd2 Ra7 21. Qc1 h6
22. Nc5 Nxc5 23. Qxc5 Rd7 24. Rb8 Qe6 25. Bb4 Nd6 26. Qb6 e3 27. f3 f5 28. Ra1
Rxb8 29. Qxb8+ Ne8 30. Bc5 Kf7 31. Qe5 Ng7 32. Bh3 Rb7 33. Qxe6+ 1/2-1/2

[Event "Najdorf Mem Open A 2016"]
[Site "Warsaw POL"]
[Date "2016.07.10"]
[Round "3.4"]
[White "Neiksans, Arturs"]
[Black "Areshchenko, Alexander"]
[Result "1/2-1/2"]
[WhiteTitle "GM"]
[BlackTitle "GM"]
[WhiteElo "2614"]
[BlackElo "2654"]
[WhiteFideId "11601388"]
[BlackFideId "14109530"]
[EventDate "2016.07.08"]

1. e4 c5 2. Nf3 d6 3. Bb5+ Nd7 4. O-O a6 5. Bxd7+ Bxd7 6. Re1 Nf6 7. e5 dxe5 8.
Nxe5 e6 9. b3 Be7 10. Bb2 Rc8 11. d3 O-O 12. Nd2 Bc6 13. Ndc4 Bd5 14. a4 b5 15.
Ne3 Bb7 16. axb5 axb5 17. c4 bxc4 18. bxc4 Nd7 19. Nxd7 Qxd7 20. Qg4 f6 21. Nd5
Bxd5 1/2-1/2

[Event "Najdorf Mem Open A 2016"]
[Site "Warsaw POL"]
[Date "2016.07.10"]
[Round "3.5"]
[White "Bartel, Mateusz"]
[Black "Lalith, Babu M R"]
[Result "1-0"]
[WhiteTitle "GM"]
[BlackTitle "GM"]
[WhiteElo "2649"]
[BlackElo "2565"]
[WhiteFideId "1112635"]
[BlackFideId "5024595"]
[EventDate "2016.07.08"]

1. e4 c6 2. d4 d5 3. e5 Bf5 4. Nf3 e6 5. Be2 Nd7 6. O-O h6 7. a4 Ne7 8. a5 a6 9.
b4 Bh7 10. c3 Ng6 11. Bd3 Be7 12. Qc2 O-O 13. Nbd2 Re8 14. Nb3 Ngf8 15. Bf4 Bxd3
16. Qxd3 Ng6 17. Be3 Bf8 18. g3 f5 19. Ne1 Qe7 20. Qd2 Qf7 21. Nd3 Rab8 22. f3
Ne7 23. h4 Kh7 24. Kf2 Nc8 25. Rh1 g6 26. Nf4 Kg8 27. Rag1 Bg7 28. Nh3 Qf8 29.
h5 g5 30. Bxg5 hxg5 31. Qxg5 Qe7 32. h6 Qxg5 33. Nxg5 Bh8 34. f4 Na7 35. g4 fxg4
36. Rxg4 Kf8 37. h7 Nb5 38. Rh6 Nc7 39. Nc5 Nxc5 40. bxc5 Ke7 41. Nf3 Kd7 42.
Nh4 Nb5 43. Ng6 Bg7 44. Nf8+ Bxf8 45. h8=Q Bxh6 46. Qxh6 Re7 47. f5 exf5 48. e6+
Rxe6 49. Qh7+ Re7 50. Qxf5+ 1-0

[Event "Najdorf Mem Open A 2016"]
[Site "Warsaw POL"]
[Date "2016.07.10"]
[Round "3.6"]
[White "Puranik, Abhimanyu"]
[Black "Melkumyan, Hrant"]
[Result "0-1"]
[WhiteTitle "IM"]
[BlackTitle "GM"]
[WhiteElo "2475"]
[BlackElo "2640"]
[WhiteFideId "5061245"]
[BlackFideId "13302485"]
[EventDate "2016.07.08"]

1. e4 c6 2. d4 d5 3. Nd2 dxe4 4. Nxe4 Bf5 5. Ng3 Bg6 6. h4 h6 7. Nf3 e6 8. Ne5
Bh7 9. Bd3 Bxd3 10. Qxd3 Nd7 11. f4 Be7 12. Bd2 Nxe5 13. fxe5 Bxh4 14. O-O-O
Bxg3 15. Qxg3 Ne7 16. Bb4 Nf5 17. Qf4 g5 18. Qf3 g4 19. Qxg4 Qd5 20. Qh5 O-O-O
21. Rh3 Qxg2 22. Rd2 Qg1+ 23. Rd1 Qg5+ 24. Qxg5 hxg5 25. Rxh8 Rxh8 26. Bc3 g4
27. Rg1 g3 28. Kd2 Rh4 29. Kd3 b5 30. a3 Kd7 31. b3 Rf4 32. Bb2 Rf3+ 33. Ke2
Rf2+ 34. Kd3 g2 35. Bc3 Rf3+ 36. Kd2 Nh4 0-1

[Event "Najdorf Mem Open A 2016"]
[Site "Warsaw POL"]
[Date "2016.07.10"]
[Round "3.7"]
[White "Gupta, Abhijeet"]
[Black "Rozentalis, Eduardas"]
[Result "1-0"]
[WhiteTitle "GM"]
[BlackTitle "GM"]
[WhiteElo "2630"]
[BlackElo "2552"]
[WhiteFideId "5010608"]
[BlackFideId "12800023"]
[EventDate "2016.07.08"]

1. d4 Nf6 2. c4 e6 3. Nf3 b6 4. a3 d5 5. Nc3 Bb7 6. cxd5 exd5 7. Bg5 Nbd7 8. Qa4
c6 9. Ne5 b5 10. Qc2 Be7 11. Nxd7 Nxd7 12. Bxe7 Qxe7 13. e3 a6 14. Rd1 O-O 15.
Be2 c5 16. dxc5 Qxc5 17. O-O Rfd8 18. Qf5 Nf6 19. Rd4 Qe7 20. Rfd1 Qe6 21. Qf4
h6 22. Bf3 Rd7 23. h4 Rad8 24. g4 Nh7 25. Qg3 Nf6 26. Qf4 Nh7 27. Kg2 Bc6 28.
Qg3 f6 29. Qf4 Nf8 30. Qf5 g6 31. Qc2 Kg7 32. Ne2 Bb7 33. h5 Rc8 34. Qd3 Rc4 35.
b3 Rxd4 36. Nxd4 Qe5 37. hxg6 Nxg6 38. Rh1 1-0

[Event "Najdorf Mem Open A 2016"]
[Site "Warsaw POL"]
[Date "2016.07.10"]
[Round "3.9"]
[White "Kanarek, Marcel"]
[Black "Smirin, Ilia"]
[Result "0-1"]
[WhiteTitle "IM"]
[BlackTitle "GM"]
[WhiteElo "2548"]
[BlackElo "2676"]
[WhiteFideId "1126822"]
[BlackFideId "2801990"]
[EventDate "2016.07.08"]

1. e4 c5 2. Nf3 d6 3. d4 cxd4 4. Nxd4 Nf6 5. Nc3 a6 6. Bg5 Nbd7 7. f4 Qc7 8. Qf3
e6 9. O-O-O b5 10. e5 Bb7 11. Qh3 dxe5 12. Nxe6 fxe6 13. Qxe6+ Be7 14. Bxb5 axb5
15. Nxb5 Qc6 16. Nd6+ Kd8 17. Nf7+ Kc7 18. Qxe7 Rxa2 19. Bxf6 gxf6 20. Rd6 Qb5
21. b3 Rha8 22. Rd3 Qc6 23. c4 Rxg2 24. Kb1 Ra1+ 0-1

[Event "Najdorf Mem Open A 2016"]
[Site "Warsaw POL"]
[Date "2016.07.10"]
[Round "3.10"]
[White "Aryan, Chopra"]
[Black "Ivanisevic, Ivan"]
[Result "1-0"]
[WhiteTitle "IM"]
[BlackTitle "GM"]
[WhiteElo "2483"]
[BlackElo "2656"]
[WhiteFideId "5084423"]
[BlackFideId "912417"]
[EventDate "2016.07.08"]

1. e4 e5 2. Nf3 Nc6 3. Bb5 a6 4. Ba4 g6 5. d4 exd4 6. Nxd4 Bg7 7. Nxc6 bxc6 8.
Nc3 Ne7 9. O-O O-O 10. Bg5 h6 11. Be3 d6 12. Bd4 f6 13. f4 Kh8 14. f5 gxf5 15.
exf5 Nxf5 16. Bxc6 Rb8 17. Nd5 Nxd4 18. Qxd4 f5 19. Qd3 Be5 20. Rae1 Qg5 21. Ne3
Be6 22. b3 Rg8 23. Nxf5 Rb6 24. Be4 Bxf5 25. Rxf5 Qh4 26. Kf1 Qxh2 27. Qh3 Qxh3
28. gxh3 Rbb8 29. Ke2 Rbe8 30. Kd3 Rg3+ 31. Rf3 Reg8 32. Rxg3 Rxg3+ 33. Re3 Rg1
34. Kc4 Rd1 35. Bd3 Kg7 36. Kb4 Kf6 37. Ka5 Kg5 38. Rf3 Kh4 39. Kxa6 Bg3 40. Bf5
c5 41. a4 c4 42. bxc4 Be5 43. a5 Rb1 44. Rb3 Rf1 45. Be6 Ra1 46. Kb5 Bd4 47. Rb4
Bc5 48. Ra4 Rb1+ 49. Kc6 Rb8 50. a6 Ra8 51. a7 Rxa7 52. Rxa7 Bxa7 53. Kxd6 Bb8+
54. Kc6 Kg5 55. c5 Ba7 56. Kd6 Bb8+ 57. Kd7 Kf6 58. c6 1-0

[Event "Najdorf Mem Open A 2016"]
[Site "Warsaw POL"]
[Date "2016.07.10"]
[Round "3.11"]
[White "Zhigalko, Sergei"]
[Black "Lauber, Arnd"]
[Result "1/2-1/2"]
[WhiteTitle "GM"]
[BlackTitle "IM"]
[WhiteElo "2653"]
[BlackElo "2444"]
[WhiteFideId "13502956"]
[BlackFideId "4632630"]
[EventDate "2016.07.08"]

1. e4 e6 2. d4 d5 3. Nc3 Nf6 4. e5 Nfd7 5. f4 c5 6. Nf3 Be7 7. Be3 b6 8. Qd2 O-O
9. g3 Nc6 10. Bh3 f5 11. exf6 Nxf6 12. O-O Kh8 13. Rad1 Qe8 14. Qg2 Qg6 15. Ne5
Nxe5 16. fxe5 Ng8 17. Rxf8 Bxf8 18. Nb5 Bd7 19. Nd6 cxd4 20. Bxd4 Nh6 21. Rf1
Be7 22. Qd2 Rf8 23. Rxf8+ Bxf8 24. Bf1 Kg8 25. Bd3 Qh5 26. Be2 Qg6 27. Bd3 Qg4
28. Be2 Qg6 29. Bd3 Qg4 30. Be2 1/2-1/2

[Event "Najdorf Mem Open A 2016"]
[Site "Warsaw POL"]
[Date "2016.07.10"]
[Round "3.12"]
[White "Tabatabaei, M.amin"]
[Black "Khairullin, Ildar"]
[Result "1/2-1/2"]
[WhiteTitle "IM"]
[BlackTitle "GM"]
[WhiteElo "2481"]
[BlackElo "2629"]
[WhiteFideId "12521213"]
[BlackFideId "4151348"]
[EventDate "2016.07.08"]

1. e4 e5 2. Nf3 Nc6 3. Bb5 Nf6 4. O-O Nxe4 5. d4 Nd6 6. Bxc6 dxc6 7. dxe5 Nf5 8.
Qxd8+ Kxd8 9. h3 Bd7 10. Nc3 h6 11. b3 Kc8 12. Bb2 b6 13. Rad1 c5 14. Nd5 a5 15.
Rd2 a4 16. Rfd1 Bc6 17. c4 Kb7 18. g4 Ne7 19. Kg2 Ng6 20. Kg3 Re8 21. Re1 Be7
22. Nxe7 Rxe7 23. Nh4 Nxh4 24. Kxh4 h5 25. Kg3 hxg4 26. hxg4 Re6 27. g5 Re7 28.
e6 fxe6 29. f4 Rf8 30. Rde2 Ref7 31. Rxe6 Rxf4 32. Bxg7 Rf3+ 33. Kg4 R8f4+ 34.
Kh5 axb3 35. axb3 Rxb3 36. Be5 Rxc4 37. Re7 Rh3+ 38. Kg6 Be4+ 39. Kf6 Rf3+ 40.
Kg7 Kc6 41. g6 Bd5 42. Rd1 Be4 43. Re6+ Kb7 1/2-1/2

[Event "Najdorf Mem Open A 2016"]
[Site "Warsaw POL"]
[Date "2016.07.10"]
[Round "3.13"]
[White "Perunovic, Milos"]
[Black "Sieciechowicz, Marcin"]
[Result "1-0"]
[WhiteTitle "GM"]
[BlackTitle "IM"]
[WhiteElo "2627"]
[BlackElo "2430"]
[WhiteFideId "921629"]
[BlackFideId "1130170"]
[EventDate "2016.07.08"]

1. e4 e6 2. d4 d5 3. Nc3 Bb4 4. e5 c5 5. a3 Bxc3+ 6. bxc3 Qa5 7. Bd2 Qa4 8. Qg4
g6 9. Nf3 c4 10. Kd1 Nc6 11. Qf4 h6 12. h4 Bd7 13. Nh2 Rh7 14. Ng4 O-O-O 15. g3
Kb8 16. Bh3 Ka8 17. h5 g5 18. Qe3 Nce7 19. f4 Nf5 20. Qf3 gxf4 21. Bxf4 Qa5 22.
Re1 Ba4 23. Nf6 Nxf6 24. exf6 Qb6 25. Rc1 Nd6 26. Bxd6 Qxd6 27. Kd2 Rhh8 28. Qf4
Qa6 29. g4 Bc6 30. Ra1 Qa5 31. Rg1 a6 32. g5 hxg5 33. Rxg5 Qb6 34. Bg4 Ba4 35.
Rc1 Qb2 36. Rg7 Rd7 37. h6 Qxa3 38. h7 Ka7 39. Bh5 Qf8 40. Ra1 Bc6 41. Rag1 1-0

[Event "Najdorf Mem Open A 2016"]
[Site "Warsaw POL"]
[Date "2016.07.10"]
[Round "3.14"]
[White "Romanishin, Oleg M"]
[Black "Dragun, Kamil"]
[Result "1-0"]
[WhiteTitle "GM"]
[BlackTitle "GM"]
[WhiteElo "2433"]
[BlackElo "2623"]
[WhiteFideId "14100088"]
[BlackFideId "1134167"]
[EventDate "2016.07.08"]

1. d4 Nf6 2. Nf3 g6 3. g3 Bg7 4. Bg2 O-O 5. O-O d6 6. a4 a5 7. Nc3 Na6 8. e4 c6
9. h3 Qc7 10. e5 dxe5 11. dxe5 Nd7 12. e6 fxe6 13. Qe2 Nac5 14. Be3 b6 15. Rfd1
Ba6 16. Qe1 Ne5 17. Nxe5 Bxe5 18. Bxc5 bxc5 19. Ne4 Bxb2 20. Rab1 Bd4 21. c3 Bf6
22. Nxc5 Bc8 23. Nxe6 Bxe6 24. Qxe6+ Kh8 25. Rd7 Qc8 26. Rbb7 Rb8 27. Rbc7 Qe8
28. Rxe7 Rb1+ 29. Kh2 Bxe7 30. Rxe7 Qb8 31. Qd7 1-0

[Event "Najdorf Mem Open A 2016"]
[Site "Warsaw POL"]
[Date "2016.07.10"]
[Round "3.15"]
[White "Fier, Alexandr"]
[Black "Johansson, Linus"]
[Result "1-0"]
[WhiteTitle "GM"]
[BlackTitle "IM"]
[WhiteElo "2616"]
[BlackElo "2425"]
[WhiteFideId "2107139"]
[BlackFideId "1711113"]
[EventDate "2016.07.08"]

1. d4 Nf6 2. c4 e6 3. Nf3 b6 4. a3 Bb7 5. Nc3 d5 6. cxd5 Nxd5 7. e3 Be7 8. Bb5+
c6 9. Bd3 O-O 10. Qc2 h6 11. e4 Nxc3 12. bxc3 c5 13. O-O Qc8 14. Qe2 Ba6 15. Rd1
Rd8 16. Ne5 Bxd3 17. Rxd3 Nc6 18. Rg3 cxd4 19. Bxh6 Nxe5 20. Rxg7+ Kf8 21. Qh5
Ke8 22. Qxe5 Qc5 23. Qf4 f6 24. cxd4 Qxd4 25. Rf1 Bf8 26. Rg8 Kf7 27. Rg3 e5 28.
Qh4 Bxh6 29. Qxh6 Qxe4 30. Rg7+ Ke6 31. Qh3+ Kd6 32. Qc3 Qd4 33. Qc7+ Ke6 34.
Qc6+ Kf5 35. g4+ Kf4 36. Re1 e4 37. Rxe4+ 1-0

[Event "Najdorf Mem Open A 2016"]
[Site "Warsaw POL"]
[Date "2016.07.10"]
[Round "3.16"]
[White "Nguyen, Piotr"]
[Black "Oleksiyenko, Mykhaylo"]
[Result "0-1"]
[WhiteTitle "IM"]
[BlackTitle "GM"]
[WhiteElo "2430"]
[BlackElo "2615"]
[WhiteFideId "1127993"]
[BlackFideId "4152417"]
[EventDate "2016.07.08"]

1. Nf3 Nf6 2. c4 g6 3. g3 Bg7 4. Bg2 O-O 5. O-O d6 6. d4 Nc6 7. Nc3 e5 8. dxe5
Nxe5 9. Nxe5 dxe5 10. Bg5 Qxd1 11. Rfxd1 c6 12. Rac1 h6 13. Be3 Be6 14. Na4 Ng4
15. Bc5 Rfd8 16. b3 Rxd1+ 17. Rxd1 f5 18. e4 Kf7 19. Bb4 Re8 20. Bc3 Bf8 21.
exf5 Bxf5 22. h3 Nf6 23. g4 Be6 24. Re1 h5 25. gxh5 Nxh5 26. Bxe5 Bf5 27. Bc3
Rxe1+ 28. Bxe1 Nf4 29. Bd2 Nxg2 30. Kxg2 b5 31. cxb5 cxb5 32. Nc3 b4 33. Ne2 Bb1
34. Nc1 Ke6 35. Kf3 Kd5 36. Ke2 a5 37. Be3 Kc6 38. Kd2 Bg7 39. Nd3 Bc3+ 40. Ke2
Bxa2 41. Nc1 Bb1 42. Kd1 Be4 43. h4 Kb5 44. f4 Bf3+ 45. Kc2 Bg4 46. Bf2 Bf5+ 47.
Kd1 a4 48. bxa4+ Kxa4 49. Na2 Bf6 50. Nxb4 Kxb4 51. Ke2 Kc4 52. Kf3 Kd3 53. Be1
Be4+ 54. Kg3 Ke2 55. Ba5 Bf5 56. Kg2 Bd4 57. Bd8 Bf2 58. Bg5 Be4+ 59. Kh3 Kf3 0-1

[Event "Najdorf Mem Open A 2016"]
[Site "Warsaw POL"]
[Date "2016.07.10"]
[Round "3.17"]
[White "Bilguun, Sumiya"]
[Black "Jumabayev, Rinat"]
[Result "0-1"]
[WhiteTitle "FM"]
[BlackTitle "GM"]
[WhiteElo "2419"]
[BlackElo "2613"]
[WhiteFideId "4901541"]
[BlackFideId "13702661"]
[EventDate "2016.07.08"]

1. e4 c5 2. Nf3 d6 3. d4 cxd4 4. Nxd4 Nf6 5. Nc3 a6 6. f3 Qb6 7. Nb3 e6 8. Bd3
Nc6 9. Qe2 Be7 10. Be3 Qc7 11. g4 b5 12. g5 Nd7 13. Qf2 Nce5 14. Rd1 b4 15. Ne2
Bb7 16. Ng3 O-O 17. O-O f6 18. Nd4 Nc5 19. gxf6 Rxf6 20. Bg5 Rf7 21. Bxe7 Qxe7
22. f4 Raf8 23. Qd2 Nexd3 24. cxd3 a5 25. Qe3 g6 26. Nb3 Nxb3 27. axb3 d5 28.
Rc1 Qh4 29. Qb6 dxe4 30. dxe4 Qg4 31. Rc5 e5 32. Rxe5 Rxf4 33. Qe6+ Qxe6 34.
Rxe6 Bc8 35. Rd6 Bh3 0-1

[Event "Najdorf Mem Open A 2016"]
[Site "Warsaw POL"]
[Date "2016.07.10"]
[Round "3.18"]
[White "Salem, A.R. Saleh"]
[Black "Yankelevich, Lev"]
[Result "1-0"]
[WhiteTitle "GM"]
[WhiteElo "2608"]
[BlackElo "2415"]
[WhiteFideId "9301348"]
[BlackFideId "24684074"]
[EventDate "2016.07.08"]

1. Nf3 d5 2. c4 e6 3. b3 Nf6 4. Bb2 b6 5. e3 Bb7 6. Nc3 Nbd7 7. cxd5 exd5 8. d4
Bd6 9. Bd3 O-O 10. O-O a6 11. Qc2 Qe7 12. Bf5 Rfe8 13. Rac1 Rac8 14. Rfd1 Rcd8
15. Bh3 Ne4 16. Nxe4 dxe4 17. Nd2 b5 18. Bc3 Ba3 19. Ra1 Nb6 20. Nb1 Bd6 21. Ba5
Qh4 22. Nd2 Bc8 23. Bxc8 Bxh2+ 24. Kf1 Rxc8 25. Qc5 Bd6 26. Qc6 Qh1+ 27. Ke2
Qh5+ 28. Ke1 Nd5 29. g4 Qg5 30. Rdc1 Bb4 31. Bxb4 Nxb4 32. Qd7 Nd3+ 33. Ke2 Rcd8
34. Qf5 Nxc1+ 35. Rxc1 Qxf5 36. gxf5 Re7 37. Rc5 Rd6 38. f3 exf3+ 39. Kxf3 f6
40. Ne4 Rb6 41. Nc3 c6 42. e4 g6 43. Kf4 gxf5 44. Rxf5 Kg7 45. Rc5 Kg6 46. Ne2
b4 47. Ng3 Rd7 48. Nf5 Kf7 49. Rc2 Ke6 50. Rg2 Rb8 51. Rc2 Rb6 52. Rg2 Rb5 53.
Rh2 Ra5 54. Rc2 Kf7 55. Rxc6 Rxa2 56. d5 Rf2+ 57. Ke3 Rb2 58. Nh6+ Kg7 59. Nf5+
Kf7 60. Nh6+ Kg7 61. Nf5+ Kg6 62. Nd4 a5 63. Kf4 Rf2+ 64. Nf3 Kg7 65. Ke3 Rb2
66. Nd4 h5 67. Kf4 Rb1 68. Ra6 Rf1+ 69. Kg3 h4+ 70. Kg4 Rg1+ 71. Kh3 Re1 72. Re6
Kg6 73. Nf3 Re3 74. Kg4 Kf7 75. Nxh4 Rxb3 76. Kf5 Rb1 77. Rxf6+ Ke8 78. Ke6 Re7+
79. Kd6 b3 80. Ng6 Rf7 81. Re6+ Kd8 82. Ne5 Rc7 83. Rh6 Kc8 84. Rh8+ Kb7 85. Nc6
Rg7 86. e5 b2 87. Rb8+ Ka6 88. e6 a4 89. e7 Rg6+ 90. Kc7 Rxc6+ 91. dxc6 Re1 92.
e8=Q Rxe8 93. Rxe8 Ka7 94. Re4 Ka6 95. Rxa4+ Kb5 96. Ra8 1-0

[Event "Najdorf Mem Open A 2016"]
[Site "Warsaw POL"]
[Date "2016.07.10"]
[Round "3.19"]
[White "Hracek, Zbynek"]
[Black "Lomasov, Semen"]
[Result "1-0"]
[WhiteTitle "GM"]
[BlackTitle "FM"]
[WhiteElo "2605"]
[BlackElo "2395"]
[WhiteFideId "300071"]
[BlackFideId "24164879"]
[EventDate "2016.07.08"]

1. Nf3 Nf6 2. c4 c5 3. d4 cxd4 4. Nxd4 e5 5. Nb5 d5 6. cxd5 Bc5 7. N5c3 O-O 8.
g3 Qb6 9. e3 Bf5 10. Bg2 Nbd7 11. O-O e4 12. Nd2 Rfe8 13. b3 Rac8 14. Bb2 Bd6
15. Qe2 Bg4 16. Qb5 Be5 17. Nc4 Qd8 18. Nxe5 Nxe5 19. Nxe4 Nxe4 20. Bxe4 Nf3+
21. Bxf3 Bxf3 22. Rfc1 Qg5 23. Rxc8 Rxc8 24. Rc1 Rxc1+ 25. Bxc1 Qe5 26. Qxb7 h5
27. Qc8+ Kh7 28. Qc2+ Be4 29. Qd1 Qf5 30. d6 Bf3 31. Qf1 g5 32. h3 h4 33. g4 Qd5
34. Ba3 f5 35. gxf5 Qxf5 36. Bb2 Kh6 37. Kh2 Qd5 38. Bd4 Qxd6+ 39. Kg1 Qe6 40.
Bxa7 g4 41. hxg4 Qxg4+ 42. Kh2 Qg6 43. Bb8 Qc2 44. Qg1 Be4 45. Bf4+ Kh7 46. Kh3
Bg6 47. Kxh4 Qxa2 48. b4 Qb2 49. Qh2 Kg8 50. Qg2 Kg7 51. Qb7+ Bf7 52. Kg3 Qb1
53. Be5+ Kg6 54. Kh2 Qa2 55. Qe4+ Kg5 56. Kg3 1-0

[Event "Najdorf Mem Open A 2016"]
[Site "Warsaw POL"]
[Date "2016.07.10"]
[Round "3.20"]
[White "Nasuta, Grzegorz"]
[Black "Socko, Bartosz"]
[Result "1/2-1/2"]
[WhiteTitle "IM"]
[BlackTitle "GM"]
[WhiteElo "2417"]
[BlackElo "2599"]
[WhiteFideId "1141686"]
[BlackFideId "1107038"]
[EventDate "2016.07.08"]

1. e4 e5 2. Nf3 Nc6 3. Bb5 a6 4. Ba4 d6 5. c3 Bd7 6. d4 g6 7. O-O Bg7 8. Be3 b5
9. Bc2 Nf6 10. dxe5 dxe5 11. a4 O-O 12. Qe2 Re8 13. b4 Rb8 14. axb5 axb5 15. Na3
Nh5 16. Rfd1 Nf4 17. Qf1 Qc8 18. Nd2 Nd8 19. Nb3 Nde6 20. f3 Bf8 21. g3 Nh5 22.
Qf2 Nf6 23. Bd3 c6 24. Nc2 Rd8 25. Ne1 Be8 26. Ra5 Nd7 27. Bf1 c5 28. Rxb5 cxb4
29. cxb4 Rxb5 30. Bxb5 Bxb4 31. Rc1 Qb8 32. Bc4 Ndf8 33. Rb1 Qc8 34. Bd5 Qa6 35.
Nc5 Bxc5 36. Bxc5 Nxc5 37. Qxc5 Nd7 38. Qc7 Rc8 39. Qb7 Qxb7 40. Rxb7 Nf6 41.
Bb3 Rc3 42. Kf2 1/2-1/2